000 00507nam a2200145 a 4500
001 000033591
005 20200930070354.0
008 110901s1893 dr 000 0 spa d
040 _aDO-SdBNP
_bspa
_cBNPHU
110 2 _aRepública Dominicana
_9447
245 1 0 _aMemoria que al ciudadano presidente de la República presenta el ciudadano Ministro de Hacienda y Comercio.
260 _aSanto Domingo :
_bHacienda y Comercio,
_c1893.
_fImprenta La Cuna de América
300 _a42 p. ;
_c26 cm.
049 _aBNPD
999 _c33082
_d33082